Catálogo

Vista normal Vista MARC

Entrada Personal Name

Número de registros utilizados en: 1

001 - CONTROL NUMBER

  • control field: 17671

003 - CONTROL NUMBER IDENTIFIER

  • control field: DLC

005 - DATE AND TIME OF LATEST TRANSACTION

  • control field: 20251105102819.0

008 - FIXED-LENGTH DATA ELEMENTS

  • fixed length control field: 011119n| acannaabn |a aaa c

010 ## - LIBRARY OF CONGRESS CONTROL NUMBER

  • LC control number: no2001092086

035 ## - SYSTEM CONTROL NUMBER

  • System control number: (OCoLC)oca05629913

040 ## - CATALOGING SOURCE

  • Original cataloging agency: AgViUSA
  • Language of cataloging: eng
  • Transcribing agency: Mx-PuUPA
  • Modifying agency: Mx-PuUPA
  • Description conventions: rda

100 1# - HEADING--PERSONAL NAME

  • Personal name: Schnarch Kirberg, Alejandro,

374 ## - OCCUPATION

  • Occupation: Autor

375 ## - GENDER

  • Gender: hombre

377 ## - ASSOCIATED LANGUAGE

  • Language code: spa

400 1# - SEE FROM TRACING--PERSONAL NAME

  • Personal name: Kirberg, Alejandro Schnarch

670 ## - SOURCE DATA FOUND

  • Source citation: Nuevo producto : creatividad, innovación y marketing, c2001:
  • Information found: t.p. (Alejandro Schnarch Kirberg)